Logo BPK

Biblioteka

Politechniki Koszalińskiej

Nabycie własności ruchomości od nieuprawnionego / (Rekord nr 33720)

Szczegóły MARC
000 -ETYKIETA REKORDU
podpole kontrolne o stałej długości 00616nam a2200217 i 4500
001 - NUMER KONTROLNY REKORDU
pole kontrolne bg
020 ## - MIĘDZYNARODOWY ZNORMALIZOWANY NUMER KSIĄŻKI - ISBN
ISBN 8372110069
040 ## - ŹRÓDŁO KATALOGOWANIA
Instytucja, która utworzyła rekord BPK
041 0# - KOD JĘZYKA
Kod języka tekstu pl
080 ## - UNIWERSALNA KLASYFIKACJA DZIESIĘTNA - UKD
UKD 347.3(438)
920 ## - Międzynarodowy znormalizowany numer książki – ISBN
ISBN 83-7211-006-9
008 - POLE O STAŁEJ DŁUGOŚCI - DANE KONTROLNE
podpole kontrolne o stałej długości s pl f |000 0 pol
100 1# - NAZWA OSOBOWA
Nazwa osobowa SZPUNAR, Adam
245 10 - TYTUŁ/ODPOWIEDZIALNOŚĆ
Tytuł Nabycie własności ruchomości od nieuprawnionego /
Pozostałe elementy strefy tytułu i oznaczenia odpowiedzialności Adam Szpunar.
250 ## - STREFA WYDANIA
Oznaczenie wydania Stan prawny na 20 lutego 1998 r.
260 ## - STREFA ADRESU WYDAWNICZEGO
Miejsce wydania Kraków :
Nazwa wydawcy/dystrybutora "Zakamycze",
Data publikacji, dystrybucji/powstania dokumentu 1998.
300 ## - STREFA OPISU FIZYCZNEGO
Objętość 155 s. ;
Rozmiary 21 cm.
504 ## - UWAGA DOTYCZĄCA BIBLIOGRAFII
Informacje o bibliografii Bibliogr. 153-155.
650 #9 - HASŁO PRZEDMIOTOWE W FORMIE NAZWY OGÓLNEJ LUB JEDNOSTKOWEJ
Nazwa ogólna lub geograficzna Ruchomości
Określnik ogólny handel
-- prawo
-- zagadnienia
Określnik chronologiczny stan na 1998 r.
856 ## - LOKALIZACJA I DOSTĘP DO ELEKTRONICZNYCH DOKUMENTÓW ZDALNYCH
Link (URL) http://koha.tu.koszalin.pl/cgi-bin/koha/opac-detail.pl?biblionumber=33720
Tekst linku Katalog online BPK
942 ## - DODATKOWE ELEMENTY (KOHA)
Typ dokumentu Książka
Egzemplarze
Wycofany Status egzemplarza Uszkodzony Dostępność Lokalizacja stała Lokalizacja bieżąca Miejsce przechowywania Sygnatura Kod kreskowy Typ dokumentu
      Dostępny Biblioteka Politechniki Koszalińskiej Biblioteka Politechniki Koszalińskiej Wypożyczalnia BG 45010 01340891 Książka
© 2023 Biblioteka Politechniki Koszalińskiej :: KOHA